| Tag |
First Indicator |
Second Indicator |
Subfields |
| LEADER |
00000pam a2200000 a 4500 |
| 001 |
in00000071979 |
| 005 |
20151008062506.0 |
| 008 |
790326r19791812nyu b 00011 engm |
| 010 |
|
|
|a 79012041
|
| 020 |
|
|
|z 0824034612 :
|c $128.00
|
| 020 |
|
|
|z 0824034619
|
| 035 |
|
|
|a (OCoLC)04857740
|
| 035 |
|
|
|9 AAK0333AM
|
| 040 |
|
|
|a DLC
|c DLC
|d m.c.
|d TXA
|d UtOrBLW
|
| 049 |
|
|
|a TXAM
|v 1 [985574]
|v 2 [985575]
|v 3 [985576]
|v 4 [985577]
|
| 050 |
0 |
0 |
|a PR4987.M7
|b M5 1979
|
| 082 |
0 |
|
|a 823/.7
|
| 100 |
1 |
|
|a Maturin, Charles Robert,
|d 1780-1824.
|
| 245 |
1 |
4 |
|a The Milesian chief /
|c Charles Robert Maturin with an introduction by Robert Lee Wolff.
|
| 264 |
|
1 |
|a New York :
|b Garland Pub.,
|c 1979.
|
| 300 |
|
|
|a 4 volumes ;
|c 19 cm.
|
| 336 |
|
|
|a text
|b txt
|2 rdacontent
|
| 337 |
|
|
|a unmediated
|b n
|2 rdamedia
|
| 338 |
|
|
|a volume
|b nc
|2 rdacarrier
|
| 490 |
1 |
|
|a Ireland, from the Act of Union, 1800, to the death of Parnell, 1891
|
| 500 |
|
|
|a Reprint. Originally published : London : H. Colburn, 1812.
|
| 504 |
|
|
|a Includes bibliographical references.
|
| 830 |
|
0 |
|a Ireland, from the Act of Union, 1800, to the death of Parnell, 1891.
|
| 999 |
|
|
|a MARS
|
| 999 |
f |
f |
|s e9fa9aae-7861-3c19-a252-4022ebce9a6b
|i 871174da-2a28-373c-b511-8bd0db240e3d
|t 0
|
| 952 |
f |
f |
|p normal
|a Texas A&M University
|b College Station
|c Sterling C. Evans Library
|d Evans: Library Stacks
|t 0
|e PR4987.M7 M5 1979
|h Library of Congress classification
|i unmediated -- volume
|k v.3
|m A14806185724
|
| 952 |
f |
f |
|p normal
|a Texas A&M University
|b College Station
|c Sterling C. Evans Library
|d Evans: Library Stacks
|t 0
|e PR4987.M7 M5 1979
|h Library of Congress classification
|i unmediated -- volume
|k v.2
|m A14806185716
|
| 952 |
f |
f |
|p normal
|a Texas A&M University
|b College Station
|c Sterling C. Evans Library
|d Evans: Library Stacks
|t 0
|e PR4987.M7 M5 1979
|h Library of Congress classification
|i unmediated -- volume
|k v.4
|m A14806185732
|
| 952 |
f |
f |
|p normal
|a Texas A&M University
|b College Station
|c Sterling C. Evans Library
|d Evans: Library Stacks
|t 0
|e PR4987.M7 M5 1979
|h Library of Congress classification
|i unmediated -- volume
|k v.1
|m A14806185708
|
| 998 |
f |
f |
|a PR4987.M7 M5 1979
|s v.1-v.4
|t 0
|l Evans: Library Stacks
|